[Event "42nd Olympiad 2016"]
[Site "Baku AZE"]
[Date "2016.09.09"]
[Round "7.45"]
[Board "1"]
[White "Aboudi, Marwan"]
[Black "Marciano, David"]
[Result "0-1"]
[BlackTitle "GM"]
[WhiteElo "2209"]
[BlackElo "2475"]
[WhiteTeam "Jordan"]
[BlackTeam "Monaco"]
[WhiteFideId "8100160"]
[BlackFideId "600423"]
[EventDate "2016.09.02"]

1. d4 Nf6 2. Nf3 d5 3. c4 e6 4. Nc3 Bb4 5. cxd5 exd5 6. Bg5 h6 7. Bxf6 Qxf6 8.
e3 O-O 9. Qb3 c5 10. dxc5 Nc6 11. Bb5 d4 12. Bxc6 dxc3 13. Qxb4 cxb2 14. Rb1
Qxc6 15. Rxb2 b6 16. O-O bxc5 17. Qc3 Ba6 18. Rc1 Rab8 19. Rxb8 Rxb8 20. Nd4 Qd5
21. Nb3 c4 22. Nd4 Qc5 23. f3 Re8 24. Rb1 Qe5 25. e4 Rd8 26. Rd1 Kh7 27. Rd2 g6
28. h3 h5 29. Kh1 Rd7 30. Qe3 Qc5 31. Qc3 Bc8 32. Nb3 Qb5 33. Rxd7 Bxd7 34. Nd2
Be6 35. Kh2 Qb8+ 36. g3 h4 37. e5 Qb6 38. Ne4 hxg3+ 39. Kg2 Kg7 40. Nxg3 Qb1 41.
a3 Qa2+ 42. Kf1 Bxh3+ 43. Ke1 Be6 44. Ne2 Qb3 45. Kd2 Kh6 46. Qe3+ g5 47. Ng3 a5
48. f4 c3+ 49. Qxc3 Qxc3+ 50. Kxc3 gxf4 51. Ne4 Kh5 52. Kd2 Kg4 53. Kc3 Kf3 54.
Kd4 Kg2 0-1

[Event "42nd Olympiad 2016"]
[Site "Baku AZE"]
[Date "2016.09.09"]
[Round "7.45"]
[Board "2"]
[White "Villegas, Pierre"]
[Black "Mansour, Sameer"]
[Result "1-0"]
[WhiteTitle "FM"]
[BlackTitle "FM"]
[WhiteElo "2329"]
[BlackElo "2245"]
[WhiteTeam "Monaco"]
[BlackTeam "Jordan"]
[WhiteFideId "654183"]
[BlackFideId "8100144"]
[EventDate "2016.09.02"]

1. d4 d6 2. c4 g6 3. Nc3 Bg7 4. e4 e5 5. Nge2 Nc6 6. Be3 f5 7. exf5 gxf5 8. dxe5
dxe5 9. Qxd8+ Nxd8 10. f4 Nf6 11. fxe5 Ng4 12. Bg1 Ne6 13. Nd4 O-O 14. Nd5 Bxe5
15. O-O-O Nxd4 16. Bxd4 c6 17. Bxe5 Nxe5 18. Nf4 Ng6 19. Nh3 f4 20. Ng5 Bg4 21.
Rd2 Rae8 22. Bd3 Re5 23. Ne4 f3 24. g3 Bh3 25. Nf2 Bg2 26. Rhd1 Rfe8 27. Ng4
R5e6 28. Bf5 h5 29. Bxe6+ Rxe6 30. Nf2 Ne5 31. Re1 Kf7 32. Rd4 Ng4 33. Rxe6 Kxe6
34. Nxg4 hxg4 35. Rf4 c5 36. Kd2 Kd6 37. Ke3 Bh3 38. b3 a5 39. Rf6+ 1-0

[Event "42nd Olympiad 2016"]
[Site "Baku AZE"]
[Date "2016.09.09"]
[Round "7.45"]
[Board "3"]
[White "Ahmad, Al Khatib"]
[Black "Butnorius, Algimantas"]
[Result "0-1"]
[WhiteTitle "IM"]
[BlackTitle "GM"]
[WhiteElo "2253"]
[BlackElo "2348"]
[WhiteTeam "Jordan"]
[BlackTeam "Monaco"]
[WhiteFideId "8103178"]
[BlackFideId "12800066"]
[EventDate "2016.09.02"]

1. Nf3 c5 2. e4 e6 3. Qe2 Nc6 4. g3 d6 5. Bg2 g6 6. O-O Bg7 7. c3 Nge7 8. Rd1 e5
9. Na3 O-O 10. Nc2 Qb6 11. b3 h6 12. Bb2 f5 13. d4 fxe4 14. Qxe4 d5 15. Qe3 cxd4
16. cxd4 Bf5 17. Rac1 Bxc2 18. Rxc2 Nf5 19. Qd2 e4 20. Ne5 Nxe5 21. dxe5 Rad8
22. Qe2 Rfe8 23. Rcd2 Bxe5 24. Rxd5 Rxd5 25. Rxd5 Bxb2 26. Qxb2 e3 27. Rd7 exf2+
28. Qxf2 Re1+ 29. Bf1 Rxf1+ 30. Kxf1 Qb5+ 31. Kg2 Qxd7 32. Qxa7 Qd5+ 33. Kh3 h5
34. Qb6 Kh7 35. Qf6 Qd7 36. g4 Nh6 37. Kg2 Nxg4 38. Qf4 Qd5+ 39. Kg1 g5 40. Qc7+
Kg6 41. Qb6+ Kf5 0-1

[Event "42nd Olympiad 2016"]
[Site "Baku AZE"]
[Date "2016.09.09"]
[Round "7.45"]
[Board "4"]
[White "Ribbegren, Karl Johan"]
[Black "Khader, Sami"]
[Result "0-1"]
[BlackTitle "IM"]
[WhiteElo "2267"]
[BlackElo "2373"]
[WhiteTeam "Monaco"]
[BlackTeam "Jordan"]
[WhiteFideId "5400040"]
[BlackFideId "8100500"]
[EventDate "2016.09.02"]

1. Nf3 Nc6 2. d4 d5 3. e3 Bg4 4. h3 Bh5 5. Be2 e6 6. O-O Nf6 7. Nbd2 Be7 8. a3
a5 9. c4 O-O 10. b3 Re8 11. Bb2 Bf8 12. Rc1 Na7 13. Ne5 Bxe2 14. Qxe2 Nc8 15. f3
c6 16. Qf2 Be7 17. e4 Nh5 18. f4 Bh4 19. Qe3 Nd6 20. Rf3 f6 21. Nd3 dxe4 22.
Nxe4 Nf5 23. Qe2 Nxd4 24. Bxd4 Qxd4+ 25. Kh2 f5 26. Nc3 Rad8 27. Qc2 Qd6 28. c5
Qc7 29. g3 Bf6 30. Ne2 g5 31. fxg5 Bxg5 32. Re1 Ng7 33. Qc4 Bf6 34. Kg2 Kh8 35.
g4 e5 36. Nf2 e4 37. Rg3 Bh4 38. gxf5 Nxf5 39. Qc3+ Qe5 40. Rg4 e3 41. Qxe5+
Rxe5 42. Ng3 Bxg3 0-1

[Event "42nd Olympiad 2016"]
[Site "Baku AZE"]
[Date "2016.09.09"]
[Round "7.46"]
[Board "1"]
[White "Ziska, Helgi Dam"]
[Black "Arias, Daniel"]
[Result "1-0"]
[WhiteTitle "IM"]
[BlackTitle "FM"]
[WhiteElo "2546"]
[BlackElo "2285"]
[WhiteTeam "Faroe Isles"]
[BlackTeam "El Salvador"]
[WhiteFideId "7200595"]
[BlackFideId "6700640"]
[EventDate "2016.09.02"]

1. e4 c5 2. Nf3 d6 3. Bb5+ Nd7 4. O-O Nf6 5. Re1 a6 6. Bf1 e5 7. c3 Be7 8. d4
O-O 9. a4 b6 10. Na3 Bb7 11. d5 Re8 12. Rb1 Qc7 13. Nd2 Rf8 14. Ndc4 Ne8 15. b4
Rb8 16. bxc5 bxc5 17. a5 f5 18. f3 Nef6 19. Bd3 Nh5 20. Re2 fxe4 21. fxe4 Bc8
22. Rxb8 Nxb8 23. Rb2 Nf4 24. Bf1 h5 25. Bxf4 Bg4 26. Be2 Rxf4 27. Bxg4 hxg4 28.
Nd2 Nd7 29. Nac4 Bg5 30. g3 Rf7 31. Qxg4 Bxd2 32. Rxd2 Nf6 33. Qg6 Qd7 34. Rb2
Qa4 35. Rb8+ Ne8 36. Kg2 Rf8 37. Nxd6 Qd1 38. Nf5 Qe2+ 39. Kh3 Qf1+ 40. Kh4 Qe2
41. Nh6+ Kh8 42. Ng4 1-0

[Event "42nd Olympiad 2016"]
[Site "Baku AZE"]
[Date "2016.09.09"]
[Round "7.46"]
[Board "2"]
[White "Giron, Jorge Ernesto"]
[Black "Andreasen, Joan Hendrik"]
[Result "0-1"]
[WhiteTitle "CM"]
[WhiteElo "2208"]
[BlackElo "2239"]
[WhiteTeam "El Salvador"]
[BlackTeam "Faroe Isles"]
[WhiteFideId "6702309"]
[BlackFideId "7200110"]
[EventDate "2016.09.02"]

1. e4 e6 2. d4 d5 3. Nd2 Be7 4. Ngf3 Nf6 5. e5 Nfd7 6. Bd3 c5 7. c3 b6 8. Qe2 a5
9. c4 Ba6 10. cxd5 exd5 11. e6 fxe6 12. Bxa6 Nxa6 13. Qxe6 Nc7 14. Qf5 Nf6 15.
O-O O-O 16. Re1 Bd6 17. Qg5 Qd7 18. Ne5 Bxe5 19. dxe5 Rae8 20. f4 Ne6 21. Qh4
Nd4 22. Nf3 Nxf3+ 23. gxf3 Qe7 24. f5 h6 25. Kh1 Nh7 26. Qg4 Kh8 27. Bf4 Qf7 28.
Rg1 Re7 29. Qh4 Rb7 30. f6 Nxf6 31. exf6 Qxf6 32. Qxf6 Rxf6 33. Be5 Rxf3 34. Rg3
Rf5 35. Re1 Rd7 36. Kg2 Kh7 37. Rf3 Kg6 38. Bg3 Rxf3 39. Kxf3 Kf6 40. h4 a4 41.
h5 d4 42. Bh4+ Kf5 43. b3 axb3 44. axb3 Ra7 45. Bg3 Ra3 46. Re5+ Kf6 47. Ke4
Rxb3 48. Bh4+ Kf7 49. Re7+ Kf8 50. Rb7 Rh3 51. Be7+ Kg8 52. Rxb6 Re3+ 53. Kd5
Rxe7 54. Kxc5 Rd7 55. Kc6 Rd8 56. Kc7 Rd5 0-1

[Event "42nd Olympiad 2016"]
[Site "Baku AZE"]
[Date "2016.09.09"]
[Round "7.46"]
[Board "3"]
[White "Thorsteinsson, Sjurdur"]
[Black "Chavez, Hector Eduardo"]
[Result "1-0"]
[WhiteElo "2187"]
[BlackElo "2077"]
[WhiteTeam "Faroe Isles"]
[BlackTeam "El Salvador"]
[WhiteFideId "7200641"]
[BlackFideId "6700160"]
[EventDate "2016.09.02"]

1. e4 c5 2. Nf3 g6 3. d4 cxd4 4. Nxd4 Bg7 5. c4 Nc6 6. Nc2 d6 7. Be2 f5 8. exf5
Bxf5 9. O-O Nh6 10. Nc3 O-O 11. Ne3 Bd7 12. Bd2 Nd4 13. Bd3 a6 14. a4 Rb8 15.
Rb1 e6 16. Ne4 Qh4 17. f3 Nhf5 18. Nxf5 gxf5 19. g3 Qh3 20. Nc3 Bc6 21. Rf2 Qh5
22. Be2 Rbe8 23. Be3 Nxe2+ 24. Qxe2 f4 25. gxf4 e5 26. Qd1 exf4 27. Bb6 Re5 28.
Kh1 Rfe8 29. Qf1 Rg5 30. Rd1 Rg3 31. Rd3 Re6 32. Nd5 Bxd5 33. Rxd5 Rg5 34. Rxg5
Qxg5 35. Rg2 Qe7 36. Bf2 Kh8 37. Qg1 Re2 38. Rxg7 Qxg7 39. Bd4 Re5 40. Qxg7+
Kxg7 41. Bxe5+ dxe5 42. a5 Kf6 43. Kg2 Kf5 44. Kf2 e4 45. fxe4+ Kxe4 46. h4 Kd4
47. Kf3 Ke5 48. b3 h5 49. b4 Kd4 50. b5 Kxc4 51. bxa6 bxa6 52. Kxf4 Kd4 53. Kg5
Ke5 54. Kxh5 Kf5 55. Kh6 Kf6 56. Kh7 Kf7 57. Kh6 Kf6 58. h5 Kf7 59. Kg5 Kg7 60.
Kf5 1-0

[Event "42nd Olympiad 2016"]
[Site "Baku AZE"]
[Date "2016.09.09"]
[Round "7.46"]
[Board "4"]
[White "Hernandez, Mauricio Daniel"]
[Black "Vang, Finnbjorn"]
[Result "1-0"]
[WhiteElo "2027"]
[BlackElo "2067"]
[WhiteTeam "El Salvador"]
[BlackTeam "Faroe Isles"]
[WhiteFideId "6701183"]
[BlackFideId "7200463"]
[EventDate "2016.09.02"]

1. e4 e5 2. Nf3 Nc6 3. Bc4 Bc5 4. c3 Nf6 5. d4 exd4 6. e5 d5 7. Bb5 Ne4 8. cxd4
Bb4+ 9. Bd2 Nxd2 10. Nbxd2 O-O 11. a3 Ba5 12. b4 Bb6 13. Bxc6 bxc6 14. Qc2 Bd7
15. O-O Qe7 16. Qc3 a5 17. h3 Rfb8 18. Nb3 axb4 19. axb4 Ba7 20. Ra2 Bb6 21.
Rfa1 Rxa2 22. Rxa2 Qe6 23. Kh2 h6 24. Ne1 Qg6 25. Nd3 h5 26. Nbc5 Bf5 27. g3
Bxd3 28. Nxd3 Qe4 29. Nc5 Bxc5 30. Qxc5 Rb6 31. Qc3 h4 32. gxh4 g6 33. h5 Qf4+
34. Qg3 Qxg3+ 35. Kxg3 Rxb4 36. Rd2 gxh5 37. f4 Kg7 38. f5 Rc4 39. h4 Rc3+ 40.
Kf4 Kh6 41. Re2 Kg7 42. f6+ Kh6 43. Rg2 Rc1 44. Rg7 Rf1+ 45. Ke3 Re1+ 46. Kd3 c5
47. Rxf7 c4+ 48. Kc3 c5 49. Kd2 Re4 50. Re7 Rxd4+ 51. Kc2 Rf4 52. f7 Rf2+ 53.
Kd1 d4 54. e6 c3 55. Re8 Kg7 56. Rg8+ 1-0

[Event "42nd Olympiad 2016"]
[Site "Baku AZE"]
[Date "2016.09.09"]
[Round "7.47"]
[Board "1"]
[White "Asadli, Vugar"]
[Black "Gruenfeld, Yehuda"]
[Result "1-0"]
[WhiteTitle "FM"]
[BlackTitle "GM"]
[WhiteElo "2406"]
[BlackElo "2451"]
[WhiteTeam "Azerbaijan 3"]
[BlackTeam "ICCD"]
[WhiteFideId "13405764"]
[BlackFideId "2800020"]
[EventDate "2016.09.02"]

1. e4 c5 2. Nc3 d6 3. d4 cxd4 4. Qxd4 Nc6 5. Bb5 Bd7 6. Bxc6 Bxc6 7. Bg5 h6 8.
Be3 Nf6 9. O-O-O Qa5 10. Kb1 e5 11. Qd3 Be7 12. Nge2 O-O 13. Ng3 Rfd8 14. Nf5
Bf8 15. Bd2 Qc7 16. Ne3 b5 17. h4 Rab8 18. g4 b4 19. Ncd5 Nxd5 20. exd5 Bd7 21.
Rdg1 Qc5 22. g5 h5 23. g6 Be8 24. gxf7+ Bxf7 25. Rg3 Qd4 26. Qxd4 exd4 27. Nf5
Kh7 28. Rhg1 Rb5 29. Rxg7+ Bxg7 30. Rxg7+ Kh8 31. Rxf7 Rxd5 32. Bg5 1-0

[Event "42nd Olympiad 2016"]
[Site "Baku AZE"]
[Date "2016.09.09"]
[Round "7.47"]
[Board "2"]
[White "Collutiis, Duilio"]
[Black "Bashirli, Nail"]
[Result "1-0"]
[WhiteTitle "IM"]
[BlackTitle "FM"]
[WhiteElo "2441"]
[BlackElo "2387"]
[WhiteTeam "ICCD"]
[BlackTeam "Azerbaijan 3"]
[WhiteFideId "805475"]
[BlackFideId "13406809"]
[EventDate "2016.09.02"]

1. e4 c5 2. Nf3 d6 3. Bb5+ Bd7 4. c4 Nf6 5. Nc3 g6 6. d4 cxd4 7. Nxd4 Bg7 8. O-O
O-O 9. Bxd7 Qxd7 10. f3 Rc8 11. Qd3 Nc6 12. Nxc6 bxc6 13. Be3 Qb7 14. Rab1 Nd7
15. b3 a5 16. Kh1 Nc5 17. Qc2 Ne6 18. f4 d5 19. Na4 d4 20. Bd2 c5 21. Rbe1 Nf8
22. Rf3 Nd7 23. Kg1 Ra6 24. e5 Qc6 25. h4 Qe6 26. f5 gxf5 27. Rxf5 Nxe5 28. Qe4
Ng6 29. h5 Qxe4 30. Rxe4 e6 31. Rg5 f5 32. Re1 e5 33. hxg6 hxg6 34. g4 e4 35.
gxf5 e3 36. Bc1 gxf5 37. Rxf5 Rf8 38. Rxf8+ Bxf8 39. Bxe3 dxe3 40. Rxe3 Rd6 41.
Kf1 Rd2 42. Re2 Rd3 43. Rg2+ Kf7 44. Ke2 Rh3 45. Rf2+ Ke8 46. Kd2 Be7 47. Kc2
Bf8 48. Kb2 Rh1 49. Ka3 Ra1 50. Nb6 Bg7 51. Nd5 Bd4 52. Rh2 1-0

[Event "42nd Olympiad 2016"]
[Site "Baku AZE"]
[Date "2016.09.09"]
[Round "7.47"]
[Board "3"]
[White "Gadimbayli, Abdulla"]
[Black "Klasan, Vladimir"]
[Result "1/2-1/2"]
[WhiteTitle "FM"]
[BlackTitle "IM"]
[WhiteElo "2294"]
[BlackElo "2401"]
[WhiteTeam "Azerbaijan 3"]
[BlackTeam "ICCD"]
[WhiteFideId "13404938"]
[BlackFideId "934054"]
[EventDate "2016.09.02"]

1. e4 d5 2. exd5 Qxd5 3. Nc3 Qd6 4. d4 Nf6 5. Nf3 a6 6. Be2 Nc6 7. a3 e5 8. dxe5
Nxe5 9. O-O Be6 10. Nxe5 Qxe5 11. Re1 Qd6 12. Bd3 O-O-O 13. Qf3 Bg4 14. Bf5+
Bxf5 15. Qxf5+ Qd7 16. Qf3 h6 17. Be3 Qg4 18. Qxg4+ Nxg4 19. Rad1 Rxd1 20. Nxd1
Bd6 21. h3 Nxe3 22. Nxe3 Be5 23. c3 Kd7 24. Kf1 Kc6 25. Ke2 Rd8 26. Rd1 Rxd1 27.
Nxd1 Bf4 28. Kd3 Kc5 29. g3 Be5 30. Ne3 g6 31. Nc4 Bg7 32. Ne3 a5 33. Nc2 a4 34.
Ne3 b5 35. f4 Kd6 36. g4 Bf6 37. Ke4 Bh4 38. Nc2 c5 39. Ne3 Be1 40. Kd3 Bf2 41.
Nf1 Ke6 42. Ke2 Bh4 43. Ne3 Bf6 44. Kd3 Bh4 45. Ke4 Be1 46. c4 b4 47. Nd5 bxa3
48. bxa3 Ba5 49. Ne3 Bd2 50. Nd1 f5+ 51. gxf5+ gxf5+ 52. Kf3 Bc1 53. Nc3 Bxa3
54. Nxa4 Bb4 55. Nb6 Bc3 56. Nd5 Bd4 57. Kg3 Kf7 58. Kf3 Ke6 59. Ke2 Kf7 60. Kd3
Kg6 61. Kd2 Bg1 62. Ke2 Bd4 63. Kf3 Kf7 64. Nc7 Kf6 65. Nb5 Bb2 66. Na7 Bd4 67.
Nc8 Bb2 68. Nb6 Bd4 69. Nd5+ Kg6 1/2-1/2

[Event "42nd Olympiad 2016"]
[Site "Baku AZE"]
[Date "2016.09.09"]
[Round "7.47"]
[Board "4"]
[White "Janchivnyambuu, Enkhbayar"]
[Black "Gasimov, Parviz"]
[Result "1-0"]
[BlackTitle "FM"]
[WhiteElo "2049"]
[BlackElo "2323"]
[WhiteTeam "ICCD"]
[BlackTeam "Azerbaijan 3"]
[WhiteFideId "2029081"]
[BlackFideId "13408798"]
[EventDate "2016.09.02"]

1. d4 Nf6 2. c4 c6 3. Nf3 e6 4. Nc3 d5 5. Bg5 h6 6. Bxf6 Qxf6 7. e3 g6 8. Bd3
Bg7 9. O-O O-O 10. e4 dxe4 11. Nxe4 Qd8 12. Bc2 f5 13. Nc3 g5 14. Re1 g4 15. Ne5
Nd7 16. Qe2 Nxe5 17. dxe5 Bd7 18. Rad1 Qc7 19. Rd6 Rfd8 20. c5 Bf8 21. Qc4 Kg7
22. Qd4 Be8 23. Ne2 Kg8 24. Nf4 Bf7 25. Bb3 Qa5 26. Rd1 Re8 27. Qe3 Bxd6 28.
exd6 e5 29. Bxf7+ Kxf7 30. Qb3+ Kf6 31. d7 exf4 32. dxe8=Q Rxe8 33. Rd6+ Kg5 34.
h4+ Kxh4 35. g3+ fxg3 36. Qxg3+ Kg5 37. f4+ 1-0

[Event "42nd Olympiad 2016"]
[Site "Baku AZE"]
[Date "2016.09.09"]
[Round "7.48"]
[Board "1"]
[White "Elarbi, Abobker"]
[Black "Weerawardane, Romesh"]
[Result "1-0"]
[WhiteTitle "FM"]
[BlackTitle "IM"]
[WhiteElo "2297"]
[BlackElo "2120"]
[WhiteTeam "Libya"]
[BlackTeam "Sri Lanka"]
[WhiteFideId "9200355"]
[BlackFideId "9900373"]
[EventDate "2016.09.02"]

1. d4 f5 2. Bg5 Nf6 3. Bxf6 exf6 4. e3 d5 5. c4 c6 6. cxd5 Qxd5 7. a3 Qf7 8. Nf3
Bd6 9. Nbd2 Be6 10. Rc1 Nd7 11. Bc4 Nb6 12. Bxe6 Qxe6 13. Qb3 Qxb3 14. Nxb3
O-O-O 15. O-O Rhe8 16. Rfe1 Kb8 17. Nfd2 Re7 18. Nc4 Nxc4 19. Rxc4 Rde8 20. Nd2
Bc7 21. g3 g5 22. Kg2 f4 23. gxf4 gxf4 24. e4 Rg7+ 25. Kf3 Rg5 26. h4 Rh5 27.
Rh1 Rg8 28. Ke2 Rb5 29. b3 Ba5 30. b4 Bc7 31. a4 Rh5 32. Rc5 Rxc5 33. bxc5 b6
34. Rb1 Kc8 35. cxb6 axb6 36. Nc4 Kb7 37. Na5+ Kc8 38. Nxc6 Kd7 39. Nb4 Ra8 40.
Nd5 Rxa4 41. Nxb6+ Bxb6 42. Rxb6 Rxd4 43. Kf3 Ke7 44. Rb7+ Ke6 45. Kxf4 Rd2 46.
f3 h6 47. Rh7 Ra2 48. Rxh6 Kf7 49. Rh7+ Kg6 50. Rd7 Rh2 51. Kg3 Rh1 52. Rd6 Kf7
53. Kg4 Kg7 54. f4 Rh2 55. Rb6 Rh1 56. Rb3 Kg6 57. Rh3 Re1 58. h5+ Kh6 59. Kf5
Re2 60. Rg3 Re1 61. Rg8 Kh7 62. Rg6 Rh1 63. Kxf6 Rxh5 64. Rg4 Ra5 65. e5 Kh8 66.
e6 1-0

[Event "42nd Olympiad 2016"]
[Site "Baku AZE"]
[Date "2016.09.09"]
[Round "7.48"]
[Board "2"]
[White "Kavinda, Akila"]
[Black "Al Moshaiti, Khalil"]
[Result "1-0"]
[WhiteElo "2020"]
[BlackElo "2053"]
[WhiteTeam "Sri Lanka"]
[BlackTeam "Libya"]
[WhiteFideId "9901302"]
[BlackFideId "9200525"]
[EventDate "2016.09.02"]

1. d4 Nf6 2. Nf3 e6 3. c4 Bb4+ 4. Nbd2 b6 5. a3 Bxd2+ 6. Qxd2 Bb7 7. e3 Ne4 8.
Qc2 O-O 9. b4 d6 10. Bb2 Nd7 11. Rd1 f5 12. d5 e5 13. Bd3 Ndf6 14. O-O Qe8 15.
Ne1 g6 16. f3 Ng5 17. Qf2 Nf7 18. Qh4 Qe7 19. g4 Nxd5 20. Qf2 Nf6 21. gxf5 g5
22. e4 Kh8 23. Kh1 Nh5 24. Rg1 Nf4 25. Bf1 Rg8 26. c5 g4 27. Qe3 Nh3 28. Rg3 Qg5
29. Qxg5 Nfxg5 30. Bxh3 Nxh3 31. Kg2 Nf4+ 32. Kf2 h5 33. cxd6 cxd6 34. Rxd6 Rae8
35. Ke3 h4 36. Rxg4 Rxg4 37. fxg4 h3 38. Rd7 Ng2+ 39. Kf2 Nxe1 40. Kxe1 Bxe4 41.
f6 1-0

[Event "42nd Olympiad 2016"]
[Site "Baku AZE"]
[Date "2016.09.09"]
[Round "7.48"]
[Board "3"]
[White "Salem, Mahjob"]
[Black "Priyankara, Chamil"]
[Result "1/2-1/2"]
[WhiteElo "2092"]
[BlackElo "2015"]
[WhiteTeam "Libya"]
[BlackTeam "Sri Lanka"]
[WhiteFideId "9202110"]
[BlackFideId "9901566"]
[EventDate "2016.09.02"]

1. d4 Nf6 2. Nf3 g6 3. c4 Bg7 4. Nc3 d6 5. g3 c6 6. Bg2 Qa5 7. O-O O-O 8. a3 Qh5
9. h4 h6 10. e4 e5 11. d5 cxd5 12. Nxd5 Nxd5 13. cxd5 Nd7 14. Nd2 Qxd1 15. Rxd1
Rd8 16. Nc4 Nc5 17. Be3 Nb3 18. Rab1 b6 19. Rd3 Nd4 20. Bxd4 exd4 21. b4 Bb7 22.
Bh3 f5 23. exf5 Bxd5 24. Nd2 gxf5 25. Bxf5 Rf8 26. Be4 Bxe4 27. Nxe4 Rad8 28. f4
Rfe8 29. Nf2 Rc8 30. Rbd1 Rc3 31. Kg2 Re2 32. Kf3 Re3+ 33. Rxe3 Rxe3+ 34. Kg4
Rxa3 35. Rd3 Ra2 36. Ne4 d5 37. Nd6 Rb2 38. b5 Bf8 39. Nc8 Rxb5 40. Nxa7 Rc5 41.
Rxd4 Bg7 42. Rb4 Rc7 43. Nb5 Rc4 44. Rxc4 dxc4 45. Kf3 h5 46. Nd6 c3 47. Ke3
Bd4+ 48. Kd3 Bf2 49. Ne4 Be1 50. Nf6+ Kf7 51. Nxh5 b5 52. g4 b4 53. Kc2 Bxh4 54.
f5 Bd8 55. Nf4 Kf6 1/2-1/2

[Event "42nd Olympiad 2016"]
[Site "Baku AZE"]
[Date "2016.09.09"]
[Round "7.48"]
[Board "4"]
[White "Lamawansa, Yasas"]
[Black "Al Sori, Mohamed"]
[Result "1-0"]
[BlackTitle "CM"]
[WhiteElo "2052"]
[BlackElo "2036"]
[WhiteTeam "Sri Lanka"]
[BlackTeam "Libya"]
[WhiteFideId "9904166"]
[BlackFideId "9200711"]
[EventDate "2016.09.02"]

1. d4 d5 2. c4 c6 3. Nf3 Nf6 4. e3 g6 5. Bd3 Bg7 6. O-O O-O 7. Nbd2 Nbd7 8. b3
b6 9. Qe2 Bb7 10. Bb2 Rc8 11. a4 a5 12. Rac1 c5 13. Ne5 Nxe5 14. dxe5 Ne4 15.
Rfd1 Qc7 16. f4 Nxd2 17. Rxd2 Rcd8 18. Rcd1 Bc6 19. h4 e6 20. h5 Qe7 21. Qg4
dxc4 22. Bxc4 gxh5 23. Qxh5 Rxd2 24. Rxd2 Rd8 25. Rd6 Rxd6 26. exd6 Qxd6 27. Qg5
Qf8 28. Bxg7 Qxg7 29. Qd8+ Qf8 30. Qxb6 Qd6 31. Qxa5 Qd1+ 32. Kf2 Qc2+ 33. Be2
Qxb3 34. Qd8+ Kg7 35. Qg5+ Kh8 36. Qxc5 Kg7 37. Qxc6 1-0

[Event "42nd Olympiad 2016"]
[Site "Baku AZE"]
[Date "2016.09.09"]
[Round "7.49"]
[Board "1"]
[White "Rakotomaharo, Fy Antenaina"]
[Black "Guillen Ramirez, Jose Antonio"]
[Result "0-1"]
[WhiteTitle "FM"]
[BlackTitle "FM"]
[WhiteElo "2439"]
[BlackElo "2269"]
[WhiteTeam "Madagascar"]
[BlackTeam "Honduras"]
[WhiteFideId "13100050"]
[BlackFideId "8400016"]
[EventDate "2016.09.02"]

1. d4 Nf6 2. c4 e6 3. Nc3 d5 4. Nf3 c5 5. cxd5 Nxd5 6. e4 Nxc3 7. bxc3 cxd4 8.
cxd4 Bb4+ 9. Bd2 Bxd2+ 10. Qxd2 O-O 11. Bc4 Nc6 12. O-O b6 13. Rfd1 Bb7 14. Qf4
Na5 15. Be2 Rc8 16. Rac1 Rxc1 17. Rxc1 Qa8 18. h4 Rc8 19. Rxc8+ Qxc8 20. h5 h6
21. Ne5 Qc7 22. f3 Nc6 23. Qc1 Qd6 24. Nxc6 Bxc6 25. Kf1 Kf8 26. Qc3 f6 27. Bc4
Be8 28. Bb3 Bd7 29. Kf2 Ke7 30. g3 e5 31. dxe5 fxe5 32. Kg2 Qc5 33. Qb2 b5 34.
Bd5 Qd4 35. Qc1 b4 36. g4 Qc3 37. Qg1 Qd2+ 38. Kh3 Qf4 39. Kg2 Qd2+ 40. Kh3 Qf4
41. Qd1 Bb5 42. Kg2 Qe3 43. Qh1 Qd2+ 44. Kg3 a5 45. Qg1 Qf4+ 46. Kg2 Qd2+ 47.
Kh3 Qd4 48. Qg3 Kd6 49. g5 Bd7+ 50. Kh4 Qe3 51. gxh6 gxh6 52. Bb3 Qf4+ 53. Qxf4
exf4 54. a3 bxa3 55. e5+ Kxe5 0-1

[Event "42nd Olympiad 2016"]
[Site "Baku AZE"]
[Date "2016.09.09"]
[Round "7.49"]
[Board "2"]
[White "Colindres, Daniel"]
[Black "Ranaivoharisoa, Alain"]
[Result "1-0"]
[WhiteTitle "FM"]
[BlackTitle "IM"]
[WhiteElo "2166"]
[BlackElo "2169"]
[WhiteTeam "Honduras"]
[BlackTeam "Madagascar"]
[WhiteFideId "8400040"]
[BlackFideId "13100025"]
[EventDate "2016.09.02"]

1. e4 c5 2. c3 Nf6 3. e5 Nd5 4. d4 cxd4 5. Nf3 e6 6. cxd4 d6 7. Bc4 Nc6 8. O-O
Be7 9. Qe2 O-O 10. Rd1 Bd7 11. Nc3 Nxc3 12. bxc3 d5 13. Bd3 Rc8 14. Bf4 Na5 15.
Rac1 Nc4 16. h4 Bxh4 17. g3 Be7 18. Kg2 f5 19. exf6 Bxf6 20. Ne5 Bxe5 21. dxe5
Qe7 22. Rh1 Rf5 23. Bxf5 exf5 24. Qh5 g6 25. Qh6 Be6 26. Bg5 Qd7 27. Bf6 Nb2 28.
Rh4 Rc7 29. Rch1 Qf7 30. Qg5 Qe8 31. Rxh7 1-0

[Event "42nd Olympiad 2016"]
[Site "Baku AZE"]
[Date "2016.09.09"]
[Round "7.49"]
[Board "3"]
[White "Ralison, Milanto Harifidy"]
[Black "Gavarrete, Nahun"]
[Result "1-0"]
[WhiteTitle "CM"]
[BlackTitle "FM"]
[WhiteElo "2058"]
[BlackElo "2149"]
[WhiteTeam "Madagascar"]
[BlackTeam "Honduras"]
[WhiteFideId "13100351"]
[BlackFideId "8400709"]
[EventDate "2016.09.02"]

1. e4 c5 2. Nf3 d6 3. Bb5+ Bd7 4. Bxd7+ Qxd7 5. O-O Nc6 6. c3 Nf6 7. Re1 e6 8.
d4 cxd4 9. cxd4 d5 10. e5 Ne4 11. Nbd2 Nxd2 12. Bxd2 Be7 13. Rc1 O-O 14. Bc3
Rfc8 15. Qd3 Rc7 16. h4 Rac8 17. Rcd1 Nb4 18. Bxb4 Bxb4 19. Ng5 g6 20. Re3 Qa4
21. Kh2 Qc2 22. a3 Ba5 23. Rf3 h6 24. Qxc2 Rxc2 25. Nxf7 Kg7 26. Nd6 Rf8 27.
Rdd3 Rxf2 28. Nxb7 R8xf3 29. Rxf3 Rxf3 30. gxf3 Be1 31. Nd8 Bf2 32. Kg2 Be3 33.
b4 Kf8 34. b5 Ke7 35. Nc6+ Kd7 36. Nxa7 Bxd4 37. Nc6 Be3 38. Kf1 h5 39. a4 g5
40. Kg2 gxh4 41. Nb4 Kc7 42. a5 Bd2 43. Na6+ Kd8 44. Nc5 Bxa5 45. Nb7+ Kc7 46.
Nxa5 Kb6 47. Nc6 1-0

[Event "42nd Olympiad 2016"]
[Site "Baku AZE"]
[Date "2016.09.09"]
[Round "7.49"]
[Board "4"]
[White "Medina Viana, Ricardo"]
[Black "Rakotomaharo, Tahina Hajanirina"]
[Result "1-0"]
[WhiteTitle "CM"]
[WhiteElo "2016"]
[BlackElo "2060"]
[WhiteTeam "Honduras"]
[BlackTeam "Madagascar"]
[WhiteFideId "8400342"]
[BlackFideId "13101005"]
[EventDate "2016.09.02"]

1. e4 e6 2. d4 d5 3. Nc3 Nc6 4. e5 f6 5. exf6 Nxf6 6. Nf3 Bd6 7. Bd3 O-O 8. Bg5
Qe8 9. O-O Qh5 10. Bxf6 Rxf6 11. Nb5 e5 12. Nxe5 Qxd1 13. Raxd1 Nxe5 14. dxe5
Bxe5 15. Rfe1 Re6 16. Bf5 Bxh2+ 17. Kxh2 Rxe1 18. Bxh7+ Kxh7 19. Rxe1 Bd7 20.
Nd4 c5 21. Re7 Rd8 22. Nf3 Bc6 23. Ng5+ Kg6 24. Rxg7+ Kxg7 25. Ne6+ Kf6 26. Nxd8
d4 27. Nxc6 bxc6 28. b3 Kf5 29. Kg1 Ke4 30. Kf1 d3 31. cxd3+ Kxd3 32. g4 c4 33.
bxc4 Kxc4 34. g5 Kd5 35. Ke2 1-0